000
00337nam a2200145Ia 4500
008
221030s9999 xx 000 0 und d
041
_a
English
082
_a
105.23
_b
Saw
100
_a
A. K. Sawhney
245
0
_a
Electrical Machine Design
260
_b
Dhanpat Rai Pub
_a
New Delhi
_c
1997
300
_a
919
650
_a
EE
942
_c
BK
999
_c
1327
_d
1327